UITU Library & LRC     

UIT Smart Information System (Record no. 32761)

MARC details
000 -LEADER
fixed length control field 00604nam a2200145Ia 4500
008 - FIXED-LENGTH DATA ELEMENTS--GENERAL INFORMATION
fixed length control field 260210s9999 xx 000 0 und d
024 ## - OTHER STANDARD IDENTIFIER
Standard number or code 10B-009-CE, 10B-017-CE, 10B-025-CE & 10B-036-CE
082 ## - DEWEY DECIMAL CLASSIFICATION NUMBER
Classification number 005.3378103072 RAZ
100 ## - MAIN ENTRY--PERSONAL NAME
Personal name Syed Farrukh Ali Raza, Umar iftakhar, Syed Muhammad Wasi Junaidi & Erum Tariq
245 #0 - TITLE STATEMENT
Title UIT Smart Information System
260 ## - PUBLICATION, DISTRIBUTION, ETC.
Place of publication, distribution, etc. Karachi:
Name of publisher, distributor, etc. UITU,
Date of publication, distribution, etc. 2010
600 ## - SUBJECT ADDED ENTRY--PERSONAL NAME
Personal name Computer System Engineering
650 ## - SUBJECT ADDED ENTRY--TOPICAL TERM
Topical term or geographic name entry element Bachelor of Engineering (BE)
856 ## - ELECTRONIC LOCATION AND ACCESS
Uniform Resource Identifier <a href="https://drive.google.com/file/d/1OU9NStNDvlyNKuB4AtrjsbG6XGud9qU_/view?usp=sharing">https://drive.google.com/file/d/1OU9NStNDvlyNKuB4AtrjsbG6XGud9qU_/view?usp=sharing</a>
Link text Click here for PDF

No items available.

Powered by Koha